00382nam a2200109Ia 4500008004100000050002900041100002900070245004700099260008600146300002800232521001200260140724s9999 xx 000 0 und d aTX 911.3.M27b.N322 2011 aNavarro, Marc Bernard O. a"Kape Ka Muna" /cMarc Bernard O. Navarro. aLas Piñas, Philippines :bSouthville International School and Colleges,cc2011. a28 p. :bill. ;c28 cm. aTourism